First Names That Are Homophones - Statistics

General Stats
  • This quiz has been taken 396 times
    391 since last reset
  • The average score is 8 of 23
Answer Stats
Homphone definition First name % Correct
The 5th month of the year Mae / May
99%
A weapon for shooting arrows Beau / Bo (Bow)
73%
Past and past participle of dig Doug (Dug)
66%
To join in marriage Mary (Marry)
53%
To cut down grass with a machine Moe (Mow)
50%
To make or become full; to use empty space Phil (Fill)
44%
To exist Bea (Be)
42%
Someone whose job is to repair, make, and adjust clothes Taylor (Tailor)
37%
To put or hide underground Barry (Bury)
36%
To assume a position in which the body is supported by a knee or the knees Neal (Kneel)
36%
One side of a sheet of paper in a book, newspaper, magazine, etc Paige (Page)
33%
Noise made by a horse Winnie (Whinny)
33%
A circular movement of water causing a small whirlpool Eddie (Eddy)
27%
When things such as paper or leaves move about and make a soft, dry sound Russell (Rustle)
25%
To wager Bette (Bet)
24%
To move steadily and continuously in a current or stream Flo (Flow)
22%
To look at words or symbols and understand what they mean Reed (Read)
20%
To be hirsute Harry (Hairy)
17%
The sound of a bell, especially when rung solemnly for a death or funeral Nell (Knell)
14%
To become weaker in strength or influence Wayne (Wane)
11%
To have one's flesh torn my the swiping of an animal like a cat or bear. Claude (Clawed)
9%
A plural synonym for when ships and cars get into accidents Rex (Wrecks)
9%
A negative feeling or mood Paul (Pall)
3%
No matching quizzes found
Score Distribution
Percent of People with Each Score
Percentile by Number Answered
Your Score History
You have not taken this quiz since the last reset